Toldot ha-Yehudim / (Record no. 31075)

MARC details
000 -LEADER
fixed length control field 00890cam a22002411 4500
001 - CONTROL NUMBER
control field he 65000614
003 - CONTROL NUMBER IDENTIFIER
control field DLC
005 - DATE AND TIME OF LATEST TRANSACTION
control field 20260227111430.0
008 - FIXED-LENGTH DATA ELEMENTS--GENERAL INFORMATION
fixed length control field 850306s1964 is abc 000 0 heb
010 ## - LIBRARY OF CONGRESS CONTROL NUMBER
LC control number he 65000614
035 ## - SYSTEM CONTROL NUMBER
System control number (OCoLC)19202214
040 ## - CATALOGING SOURCE
Original cataloging agency DLC
Transcribing agency MH
Modifying agency CU
-- DLC
050 00 - LIBRARY OF CONGRESS CALL NUMBER
Classification number DS118
Item number .I6515
245 00 - TITLE STATEMENT
Title Toldot ha-Yehudim /
Statement of responsibility, etc. Yoshve rosh moʻetset ha-maʻarekhet, Binyamin Mazar, Mosheh Daiṿis [ṿe-]Ḥ. H. Ben-Śaśon.
260 ## - PUBLICATION, DISTRIBUTION, ETC.
Place of publication, distribution, etc. Jerusalem :
Name of publisher, distributor, etc. ha-Makhon le-hotsaʼah le-or be-Yiśraʼel,
Date of publication, distribution, etc. [1964]
300 ## - PHYSICAL DESCRIPTION
Extent 406 p. :
Other physical details ill. (part col.) maps, ports. ;
Dimensions 29 cm.
500 ## - GENERAL NOTE
General note American edition has title: The illustrated history of the Jews.
650 #0 - SUBJECT ADDED ENTRY--TOPICAL TERM
Topical term or geographic name entry element Jews
General subdivision History
Form subdivision Pictorial works.
700 1# - ADDED ENTRY--PERSONAL NAME
Personal name Mazar, Benjamin,
Dates associated with a name 1906-1995.
700 1# - ADDED ENTRY--PERSONAL NAME
Personal name Davis, Moshe.
700 1# - ADDED ENTRY--PERSONAL NAME
Personal name Ben-Sasson, Haim Hillel,
Dates associated with a name 1914-1977.
740 0# - ADDED ENTRY--UNCONTROLLED RELATED/ANALYTICAL TITLE
Uncontrolled related/analytical title Illustrated history of the Jews.

No items available.

Powered by Koha